000 00456 a2200157 4500
999 _c9486
_d9486
020 _a9780409060164
050 _aKF1246WAL 1979
100 _aVan der Walt, J. C.
_eauthor
245 _aDelict :
_b principles and cases /
_cby J.C. van der Walt.
264 _aDurban :
_bButterworths,
_c1979
300 _ax, 305 pages ; 25 cm
500 _aIncludes index
650 _aTorts -- South Africa.
650 _a Torts
_xCases.
942 _2lcc
_cBK
_h834
_iWAL
_kKF